UBT Library

Interplay : (Record no. 39950)

000 -LEADER
fixed length control field 00794cam a22002414a 4500
001 - CONTROL NUMBER
control field 13140451
005 - DATE AND TIME OF LATEST TRANSACTION
control field 20180109081342.0
008 - FIXED-LENGTH DATA ELEMENTS--GENERAL INFORMATION
fixed length control field 030328s2004 nyua b 001 0 eng
010 ## - LIBRARY OF CONGRESS CONTROL NUMBER
LC control number 2003048688
020 ## - INTERNATIONAL STANDARD BOOK NUMBER
International Standard Book Number 0195167074
040 ## - CATALOGING SOURCE
Original cataloging agency DLC
Transcribing agency DLC
Modifying agency DLC
041 ## - LANGUAGE CODE
Language code of text/sound track or separate title eng
042 ## - AUTHENTICATION CODE
Authentication code pcc
080 ## - UNIVERSAL DECIMAL CLASSIFICATION NUMBER
Universal Decimal Classification number 302.2 RON
082 00 - DEWEY DECIMAL CLASSIFICATION NUMBER
Classification number 302.2 RON
Edition number 21
100 1# - Rafti
Rafti 40
101 ## - Shkurtesa
Shkurtesa MED
245 10 - TITLE STATEMENT
Title Interplay :
Statement of responsibility, etc Ronald B. Adler, Lawrence B. Rosenfeld, Russell F. Proctor II.
504 ## - BIBLIOGRAPHY, ETC. NOTE
Bibliography, etc Includes bibliographical references (p. 384-417) and indexes.
906 ## - LOCAL DATA ELEMENT F, LDF (RLIN)
a 7
b cbc
c orignew
d 1
e ocip
f 20
g y-gencatlg
942 ## - ADDED ENTRY ELEMENTS (KOHA)
Source of classification or shelving scheme
Item type Books
Holdings
Withdrawn status Lost status Source of classification or shelving scheme Damaged status Not for loan Permanent location Current location Date acquired Total Checkouts Full call number Barcode Date last seen Price effective from Koha item type
          UBT - Lipjan UBT - Lipjan 01/09/2018   302.2 RON 002-2994994 01/09/2018 01/09/2018 Books
          UBT - Lipjan UBT - Lipjan 01/09/2018   302.2 RON 002-2994989 01/09/2018 01/09/2018 Books
          UBT - Lipjan UBT - Lipjan 01/09/2018   302.2 RON 002-2994984 01/09/2018 01/09/2018 Books
          UBT - Lipjan UBT - Lipjan 01/09/2018   302.2 RON 002-2994979 01/09/2018 01/09/2018 Books
          UBT - Lipjan UBT - Lipjan 01/09/2018   302.2 RON 002-2994974 01/09/2018 01/09/2018 Books
          UBT - Lipjan UBT - Lipjan 01/09/2018   302.2 RON 002-2994969 01/09/2018 01/09/2018 Books
          UBT - Lipjan UBT - Lipjan 01/09/2018   302.2 RON 002-2994964 01/09/2018 01/09/2018 Books
          UBT - Lipjan UBT - Lipjan 01/09/2018   302.2 RON 002-2995118 01/09/2018 01/09/2018 Books
          UBT - Lipjan UBT - Lipjan 01/09/2018   302.2 RON 002-2995113 01/09/2018 01/09/2018 Books
          UBT - Lipjan UBT - Lipjan 01/09/2018   302.2 RON 002-2995108 01/09/2018 01/09/2018 Books
          UBT - Lipjan UBT - Lipjan 01/09/2018   302.2 RON 002-2995103 01/09/2018 01/09/2018 Books
          UBT - Lipjan UBT - Lipjan 01/09/2018   302.2 RON 002-2995098 01/09/2018 01/09/2018 Books
          UBT - Lipjan UBT - Lipjan 01/09/2018   302.2 RON 002-2995093 01/09/2018 01/09/2018 Books
UBT Library © 2015-2024. All rights reserved University Education for Business and Technology